000 00368nam a2200109 a 4500
005 20140408090024.0
008 021121s19uu xx 00 eng d
050 _aPGS '00
_bBUE #18
100 _aBuen, Danilo Jr.
245 _aThe Perception on the Filipino seafears on-board the foreign ocean-going vessel on international maritime org. (IMD) standards.
942 _cPASS
999 _c96320
_d96320